| 000 | 00622nam a2200241Ia 4500 | ||
|---|---|---|---|
| 001 | 32719 | ||
| 005 | 20240114001617.0 | ||
| 007 | ta | ||
| 008 | 060829s g b000 u 346 u | ||
| 040 | _aCotton College,Assam | ||
| 041 | _a346 | ||
| 082 |
_a891.443 _bSe 55 K |
||
| 100 | _aSen, Jaldhar . | ||
| 245 | 0 |
_aKangaler Thakur / _cJaldhar Sen. _hTextual Documents |
|
| 250 | _a3rd ed. / | ||
| 260 |
_aCalcutta : _bGurudas Chattopadhya & Sons , _cnd. |
||
| 300 |
_a118p. ; _c17cm. |
||
| 653 | _aBengali Fiction | ||
| 653 | _aG-Bengali | ||
| 942 |
_2ddc _cBK |
||
| 999 |
_c32701 _d32701 |
||